书目信息 |
| 题名: |
秦汉石刻的篆书
|
|
| 作者: | 崇善 著 | |
| 分册: | ||
| 出版信息: | 北京 人民美术出版社 1982 |
|
| 页数: | 45页 | |
| 开本: | 19cm | |
| 丛书名: | ||
| 单 册: | ||
| 中图分类: | J292.22 | |
| 科图分类: | ||
| 主题词: | 隶书-碑帖--中国--秦汉时代 , 碑帖-隶书--中国--秦汉时代 | |
| 电子资源: | ||
| ISBN: | ||
| 000 | 00644nam0 2200241 45 | |
| 001 | 0182007763 | |
| 005 | 20061114104934.31 | |
| 010 | @dCNY1.50 | |
| 091 | @aCN@b8027.8072 | |
| 100 | @a19950620d1982 em y0chiy0121 ea | |
| 101 | 0 | @achi |
| 102 | @aCN@b110000 | |
| 105 | @ay z 000yy | |
| 200 | 10 | @a秦汉石刻的篆书@Aqin han shi ke de zhuan shu@f崇善著 |
| 210 | @a北京@c人民美术出版社@d1982 | |
| 215 | @a45页@d19cm | |
| 606 | @a隶书-碑帖@y中国@z秦汉时代 | |
| 606 | @a碑帖-隶书@y中国@z秦汉时代 | |
| 690 | @aJ292.22@v3 | |
| 701 | 0 | @a崇善@Achong shan@4著 |
| 801 | 2 | @aCN@bNLC@c20061114 |
| 801 | 0 | @aCN@bTSSF |
| 905 | @a10447@dJ292.22@e172 | |
| 秦汉石刻的篆书/崇善著.-北京:人民美术出版社,1982 |
| 45页;19cm |
| ISBN :CNY1.50 |
| ● |
| 相关链接 |
|
|
|
|
正题名:秦汉石刻的篆书
索取号:J292.22/172
 
预约/预借
| 序号 | 登录号 | 条形码 | 馆藏地/架位号 | 状态 | 备注 |
| 1 | 0207933 | 001207580 | 第一样本阅览室/ [索取号:J292.22/172] | 在馆 |